Music Quiz

Random Music or Lyrics Quiz

Beatles 'Girl' Songs Quiz Stats

 Plays Quiz Updated Jun 22, 2012

Challenge
Share
Tweet
Embed
Score 0/44 Timer 08:00
3 Plays Today
Quote Song % Correct
'Moscow girls make me sing and shout.'Back in the U.S.S.R.
81.5%
'Look for the girl with the sun in her eyes and she's gone.'Lucy in the Sky with Diamonds
79.1%
'I once had a girl, or should I say, she once had me.'Norwegian Wood (This Bird Has Flown)
69.4%
'Asked a girl what she wanted to be. She said baby, can't you see.'Drive My Car
64.5%
'You know you twist, little girl.'Twist and Shout
64%
'Desmond says to Molly, 'Girl, I like your face.''Ob-La-Di, Ob-La-Da
63.1%
'She's the kind of girl who puts you down when friends are there.'Girl
62.9%
'One thing I can say girl, love you all the time.'Eight Days a Week
60.6%
'The girl that's driving me mad is going away.'Ticket to Ride
60.5%
'Last night I said these words to my girl.'Please Please Me
59.9%
'Boy, you been a naughty girl you let your knickers down.'I Am the Walrus
57.9%
'His rival, it seems, had broken his dreams by stealing the girl of his fancy.'Rocky Raccoon
47.9%
'You're gonna lose that girl. (Yes, yes, you're gonna lose that girl.)'You're Going to Lose that Girl
47.3%
'I'm so glad that she's my little girl.'I Feel Fine
44.6%
'Oh what joy for every girl and boy, knowing they're happy and they're safe.'Octopus's Garden
43%
'... a pretty nice girl, but she changes from day to day.'Her Majesty
42%
'Well I'd rather see you dead, little girl, than to be with another man.'Run for Your Life
41.8%
'All the girls around her say she's got it coming.'Get Back
40.7%
'She's just the girl for me and I want all the world to see we've met.'I've Just Seen a Face
39.6%
'She's not a girl who misses much.'Happiness Is a Warm Gun
39.5%
'Hold your head up, you silly girl. Look what you've done.'Martha My Dear
35.7%
'She's the kind of a girl that makes the 'News of the World.''Polythene Pam
34.9%
Quote Song % Correct
'She was a working girl, north of England way.'Honey Pie
33%
'There must be some word today from my girlfriend so far away.'Please Mister Postman
30.8%
'You come and ask me, girl, to set you free, girl.'Anna (Go to Him)
29.2%
'She's sweeter than all the girls and I met quite a few.'Another Girl
28.8%
'My girl says when I kiss her lips, gets a thrill through her fingertips.'Boys
28.7%
'Because you're sweet and lovely, girl, I love you.'For You Blue
27.4%
'... with a girl like you, that I would love everything that you do.'I Should Have Known Better
26.5%
'If I ain't dead already, girl you know the reason why.'Yer Blues
26.5%
'She was a girl in a million, my friend.'I'm a Loser
25%
'Girl, you look so fine. You're just a-rockin' and a-rollin'.'Dizzy Miss Lizzy
22.6%
'When I do you'd better hide all the girls.'I'll Cry Instead
19.9%
'Love is here to stay. And that's enough to make you mine, girl.'Things We Said Today
19%
'It's so easy for a girl like you to lie. Tell me why.'What Goes On
18.5%
'And from the world you sent my girl, and from above you sent us love.'Mr. Moonlight
17.9%
'He put thumbtacks on teacher's chair, put chewing gum in little girl's hair.'Bad Boy
17.7%
'Haven't I the right to make it up girl?'It's Only Love
17.6%
'Because I know she'll always be the only girl for me.'Don't Bother Me
16.1%
'I want a short-haired girl who sometimes wears it twice as long.'Old Brown Shoe
14.8%
'I've got no time for trivialities, I've got a girl who's waiting home for me tonight.'When I Get Home
14.2%
'Yes it seems so long, girl, since you've been gone.'You Won't See Me
13.1%
'Please stop your lying. You've got me crying, girl.'What You're Doing
12.8%
'I know, little girl, only a fool would doubt our love.'Thank You Girl
10.3%

You're not logged in!

Compare scores with friends on all Sporcle quizzes.
OR
Log In

You Might Also Like...

Show Comments

Extras

Top Quizzes Today


Score Distribution

Your Account Isn't Verified!

In order to create a playlist on Sporcle, you need to verify the email address you used during registration. Go to your Sporcle Settings to finish the process.

Report this User

Report this user for behavior that violates our Community Guidelines.

Details: